Oxford Encyclopedia of Trees of the World. (Record no. 365167)
[ view plain ]
| 000 -LEADER | |
|---|---|
| fixed length control field | 003730000a22001570004500 |
| 020 ## - INTERNATIONAL STANDARD BOOK NUMBER | |
| International Standard Book Number | 019 2177125 |
| 060 ## - NATIONAL LIBRARY OF MEDICINE CALL NUMBER | |
| Classification number | 100 |
| 082 ## - DEWEY DECIMAL CLASSIFICATION NUMBER | |
| Classification number | 582. 1600 3 OXF;01 |
| 100 ## - MAIN ENTRY--PERSONAL NAME | |
| Personal name | Hora, Bayard |
| 245 ## - TITLE STATEMENT | |
| Title | Oxford Encyclopedia of Trees of the World. |
| 260 ## - PUBLICATION, DISTRIBUTION, ETC. (IMPRINT) | |
| Place of publication, distribution, etc. | oxford, Oxford University Press |
| 260 ## - PUBLICATION, DISTRIBUTION, ETC. (IMPRINT) | |
| Date of publication, distribution, etc. | 1981 |
| 300 ## - PHYSICAL DESCRIPTION | |
| Extent | 288 |
| 650 ## - SUBJECT ADDED ENTRY--TOPICAL TERM | |
| Topical term or geographic name as entry element | Trees- Encyclopedia/ |
| 942 ## - ADDED ENTRY ELEMENTS (KOHA) | |
| Koha item type | Books (General) |
| Withdrawn status | Lost status | Source of classification or shelving scheme | Damaged status | Not for loan | Collection code | Home library | Current library | Shelving location | Date acquired | Cost, normal purchase price | Total Checkouts | Full call number | Barcode | Date last seen | Price effective from | Koha item type |
|---|---|---|---|---|---|---|---|---|---|---|---|---|---|---|---|---|
| Dewey Decimal Classification | Reference Book | College of Agriculture, Vellayani | College of Agriculture, Vellayani | Reference | 02/05/2014 | 0.00 | 582. 1600 3 OXF;01 | KAU_COAV-19659 | 02/05/2014 | 02/05/2014 | Reference Book |
